| 000 | 00569 a2200181 4500 | ||
|---|---|---|---|
| 001 | 068372 | ||
| 003 | OSt | ||
| 005 | 20220216161401.0 | ||
| 008 | |||
| 082 |
_a515.353 _bR29I |
||
| 100 | 1 | _aRogers, Robert C. | |
| 245 | 1 |
_aAn introduction to partial differential equations _cby Robert C. Rogers and Michael Renardy |
|
| 260 |
_aNew York _bSpringer _c2010 |
||
| 300 | _a433p. | ||
| 653 | _aDifferential equations, Partial; Mathematical physics; Mathematics; Engineering mathematics | ||
| 700 | _aRenardy, Michael | ||
| 942 |
_2ddc _cBK |
||
| 999 |
_c2053 _d2053 |
||